Sports Quiz

Random Sports or Rugby Quiz

New Zealand Rugby Players 2000-2011 Quiz Stats

 Plays Quiz not verified by Sporcle

Challenge
Share
Tweet
Embed
Score 0/142 Timer 15:00
0 Plays Today
% Correct
Dan Carter
94%
Richie McCaw
94%
Conrad Smith
92.4%
Ben Smith
91.7%
Sonny Bill Williams
91.4%
Ali Williams
91.3%
Ma'a Nonu
89.9%
Keven Mealamu
87.2%
Jonah Lomu
85.6%
Israel Dagg
83.8%
Ben Franks
83.1%
Owen Franks
83.1%
Justin Marshall
83.1%
Brad Thorn
83.1%
Tony Woodcock
83.1%
Piri Weepu
82.8%
Tana Umaga
81.5%
Kieran Read
80.8%
Aaron Cruden
80.7%
Sitiveni Sivivatu
79.7%
Sam Whitelock
79.7%
Jerry Collins
79.6%
Doug Howlett
79.6%
Carlos Spencer
79.2%
Andrew Hore
78.7%
George Whitelock
78.6%
Joe Rokocoko
78.2%
Jerome Kaino
77.4%
Stephen Donald
77%
Corey Jane
76.8%
Mils Muliaina
76.7%
Aaron Mauger
75.9%
Christian Cullen
75.6%
Byron Kelleher
75.3%
Nathan Mauger
75.3%
Hosea Gear
74.7%
Rico Gear
74.7%
Chris Jack
74.5%
Leon MacDonald
74.4%
Andrew Ellis
74%
Angus MacDonald
74%
Jimmy Cowan
73.8%
Andrew Mehrtens
73.7%
Ruben Thorn
73.4%
Jeff Wilson
72.1%
Nick Evans
71.9%
Anton Oliver
71.9%
Bryn Evans
71.7%
% Correct
Rodney So’oialo
70.6%
Carl Hayman
70.2%
Colin Slade
69.2%
John Afoa
69.1%
Luke McAlister
68.4%
Tony Brown
66.3%
Liam Messam
64.9%
Victor Vito
64.6%
Corey Flynn
64.4%
Marty Holah
63.8%
Keith Robinson
63.8%
Mark Robinson
63.8%
Adam Thomson
63.5%
Greg Somerville
63.2%
Taine Randell
62.9%
Neemia Tialata
62.8%
Ben Blair
61.7%
Caleb Ralph
61.6%
Zach Guildford
61.4%
Isaia Toeava
61.4%
Kees Meeuws
60.5%
Anthony Boric
60.1%
Daniel Braid
59.1%
Ben Atiga
59%
Todd Blackadder
58.6%
Pita Alatini
58.2%
Josh Kronfeld
57.9%
Brendon Leonard
57.8%
Scott Robertson
57.2%
Wyatt Crockett
56.9%
Steve Devine
56.8%
Carl Hoeft
56.8%
Chris Masoe
56.3%
Daryl Gibson
56%
Mark Hammett
56%
Dave Hewett
55.6%
Rene Ranger
54.2%
Tom Willis
54.2%
Royce Willis
54.1%
Norm Maxwell
53.5%
Sione Lauaki
52.7%
Alama Ieremia
52.6%
Regan King
51.8%
Craig Dowd
51.5%
Hika Elliot
51.1%
Troy Flavell
50.7%
Ron Cribb
50.5%
Anthony Tuitavake
50.4%
% Correct
Tom Donnelly
50.1%
Scott Hamilton
49.9%
Jason Eaton
48.9%
Greg Feek
48.6%
Johno Gibbes
48.5%
Jarrad Hoeata
48.5%
Sosene Anesi
48.4%
Sam Tuitupou
48.2%
Lelia Masaga
47.8%
Tanerau Latimer
47.5%
Casey Laulala
47.4%
Benson Stanley
47.4%
Rudi Wulf
47.3%
Steven Bates
46.6%
Mark Ranby
46.3%
Tamati Ellison
46%
David Hill
45.6%
Isaac Ross
45.6%
Richard Kauhi
44.4%
Danny Lee
44.4%
Bradley Mika
44.4%
Aled De Malmanche
44.3%
Clarke Dermody
44%
Ross Filipo
44%
Jamie Mackintosh
44%
Filo Tiatia
43.9%
Craig Newby
42.6%
Mike Delany
42.4%
Bruce Reihana
42.4%
Sam Broomhall
42.1%
Kevin O'Neill
41.3%
Greg Rawlinson
41.3%
Derren Witcombe
41.3%
Campbell Johnstone
40.7%
Alby Matthewson
40.6%
Keith Lowen
39.8%
Jason O'Halloran
39.6%
Sam Harding
39.4%
Simon Maling
39.1%
Paul Steinmetz
38%
Saimone Taumoepeau
37.5%
Joesph McDonnell
37.3%
Gordon Slater
37.1%
Kevin Seino
36.4%
John Schwalger
33.5%
Mose Tuiali’i
1.9%

You're not logged in!

Compare scores with friends on all Sporcle quizzes.
OR
Log In

You Might Also Like...

Show Comments

Extras

Top Quizzes Today


Score Distribution

Your Account Isn't Verified!

In order to create a playlist on Sporcle, you need to verify the email address you used during registration. Go to your Sporcle Settings to finish the process.

Report this User

Report this user for behavior that violates our Community Guidelines.

Details: